000
00329nam a2200121Ia 4500
008
241015s9999 xx 000 0 und d
041
_a
eng
082
_a
332.1 FLE
100
_a
Ameila Fletcher
245
_a
Financial Systems, Banking And Monetary Policy
260
_b
Clanrye International
_a
USA
_c
2023
300
_a
243;. P. 25 Cm
999
_c
41584
_d
41584